|
|
|
|
| LEADER |
00000nab a2200000uu 4500 |
| 001 |
vtls011437827 |
| 003 |
SK-MaSNL |
| 005 |
20260303145635.0 |
| 008 |
230222| xo |||||||||||||||||slo| |
| 015 |
|
|
|a SNBRB
|
| 035 |
|
|
|a (urnnbn)urn:nbn:sk:snk:ar-002mfr
|
| 035 |
|
|
|a (uuid)3707b802-fa70-4248-a75a-1f852715d850
|
| 035 |
|
|
|a urn:nbn:sk:snk-abccwa
|
| 040 |
|
|
|a SNKBUCL
|b slo
|c SNKBUCL
|e AACR2
|
| 041 |
0 |
|
|a slo
|
| 044 |
|
|
|a xo
|c SK
|
| 100 |
1 |
|
|a Habiňáková, Erika
|4 aut
|9 5469
|
| 245 |
1 |
0 |
|a Výsledky medzinárodnej vedeckej spolupráce socialistických krajín v oblasti starostlivosti o dieťa vychovávané v kolektívnom zariadení :
|b Psycholingvistický prístup v objasňovaní rečového vývinu a nové perspektívy pre rečovú výchovu
|c Erika Habiňáková
|
| 773 |
0 |
|
|t Predškolská výchova : pedagogický časopis pre učiteľky materských škôl
|g Roč. 30, č. 7 (1975-1976), s. 187-190
|
| 954 |
|
|
|a odborná, vedecká literatúra pôvodná (slovenská)
|2 lita
|
| 958 |
|
|
|a OND
|
| 958 |
|
|
|a EUIPO
|
| 958 |
|
|
|a article16
|
| 999 |
|
|
|c 2004271
|d 2006201
|